Austrian Money Attitudes in International Comparison: A Meta Analysis
Rozdiely v postoji k peniazom v jednotlivých krajinách - porovnanie rakúskych výsledkov testu Money Attitude Scale (MAS) s medzinárodnými výsledkami MAS.
Uložené v:
| Hlavný autor: | |
|---|---|
| Ďalší autori: | , , |
| Médium: | Kapitola |
| Jazyk: | English |
| Predmet: | |
| Tagy: |
Žiadne tagy, Buďte prvý, kto otaguje tento záznam!
|
MARC
| LEADER | 00000naa a2200000 4500 | ||
|---|---|---|---|
| 001 | 0283049 | ||
| 005 | 20240502083910.4 | ||
| 041 | 0 | |a eng | |
| 044 | |a TH | ||
| 245 | 1 | 0 | |a Austrian Money Attitudes in International Comparison: A Meta Analysis |c Reinhard Furtner, Philipp Decker, Anton Aufner, Eva Jančíková |
| 520 | |a Rozdiely v postoji k peniazom v jednotlivých krajinách - porovnanie rakúskych výsledkov testu Money Attitude Scale (MAS) s medzinárodnými výsledkami MAS. | ||
| 610 | 2 | 0 | |a peniaze |
| 610 | 2 | 0 | |a porovnanie medzinárodné |
| 610 | 2 | 0 | |a analýzy |
| 610 | 2 | 0 | |a rozdiely kultúrne |
| 610 | 2 | 0 | |a Rakúsko |
| 100 | 1 | |a Furtner, Reinhard, 1983- | |
| 700 | 1 | |a Decker, Philipp | |
| 700 | 1 | |a Aufner, Anton, 1956- | |
| 700 | 1 | |a Jančíková, Eva, 1960- | |